Segmentace korporátních klientů banky

Pojem segmentácia klientov banky. Hlavné etapy procesu segmentácie. Potreby obchodných klientov bánk. Porovnanie segmentačných kritérií obchodných klientov vybraných bánk na českom trhu a segmentačných kritérií stanovených Európskou úniou.

Gespeichert in:
Bibliographische Detailangaben
1. Verfasser: Pokorná, Martina
Weitere Verfasser: Sponer, Miroslav
Format: Buchkapitel
Sprache:Tschechisch
Schlagworte:
Tags: Tag hinzufügen
Keine Tags, Fügen Sie das erste Tag hinzu!

MARC

LEADER 00000nla$a2200000$$$4500
001 0059496
005 20231121080744.8
041 0 |a cze 
044 |a SK 
245 1 0 |a Segmentace korporátních klientů banky  |c Martina Pokorná, Miroslav Sponer 
520 |a Pojem segmentácia klientov banky. Hlavné etapy procesu segmentácie. Potreby obchodných klientov bánk. Porovnanie segmentačných kritérií obchodných klientov vybraných bánk na českom trhu a segmentačných kritérií stanovených Európskou úniou. 
610 2 0 |a banky 
610 2 0 |a trh finančný 
610 2 0 |a Česko 
610 2 0 |a klienti 
610 2 0 |a segmentácia trhu 
100 1 |a Pokorná, Martina 
700 1 |a Sponer, Miroslav